Les 5 joueurs ayant marqué le plus de buts en finale de coupe du monde - Statistiques

Statistiques générales
  • Ce quiz a été pris 434 fois
  • Le résultat moyen est 3 sur 5
Statistiques - réponses
Buts Joueurs % Correct
4 Kylian Mbappe
97%
3 Pele
75%
3 Zinedine Zidane
63%
3 Geoffrey Hurst
11%
3 Vava
5%
Aucun quiz correspondant
Distribution des résultats
% des personnes avec chaque résultat
Percentile par nombre de réponses
Votre historique - résultats
Vous n’avez pas pris ce quiz